| 000 | 00638cab a2200229 4500 | ||
|---|---|---|---|
| 001 | WB3333-16 | ||
| 008 | 090401t1997 xxu||||| |||| 00| 0 eng d | ||
| 035 | _a(Sirsi) u80489 | ||
| 041 | _aeng | ||
| 245 | _aAre barns ripe for conversion? | ||
| 260 | _c1997 | ||
| 350 | _a0 | ||
| 490 |
_aDaily Telegraph _v27 August 1997, 28(1) |
||
| 520 | _aPrices of redundant rural buildings are rising but they are difficult to turn into stylish homes. | ||
| 650 | _aBARN CONVERSIONS | ||
| 650 | _aCONVERSIONS | ||
| 650 | _aFARM BUILDINGS | ||
| 650 | _aREDUNDANT BUILDINGS | ||
| 690 | _aCONSERVATION | ||
| 942 | _n0 | ||
| 948 | _c27/08/1997 | ||
| 999 |
_c50681 _d50681 |
||